000 00538nam a2200205 i 4500
001 bg
245 0 _aSoil and water conservation engineering /
_ced. Glenn O. Schwab [et al.].
250 _a4th ed.
260 _aNew York :
_bWiley,
_c1993.
300 _aXIV,507 s. :
_bfot., mapy, rys., wykr. ;
_c26 cm.
650 9 _aWoda
650 9 _aŚrodowisko człowieka
020 _a0471599948
040 _cBPK
041 _apol
080 _a504
920 _a0-471-59994-8
942 _cKS
008 s pl f |000 0 pol
999 _c30149
_d30149
856 _uhttp://koha.tu.koszalin.pl/cgi-bin/koha/opac-detail.pl?biblionumber=30149
_yKatalog online BPK